000 00718nam a2200157Ia 4500
008 090124s9999 xx 000 0 und d
082 _b7693
245 _a महात्मा गांधी य़ांचे संकलित वाङमय़ - 23
250 _a0
260 _bसंचालक प्रसिध्दी विभाग महाराष्ट्रराज्य़
_c1974
300 _a656
630 _a महात्मा गांधी य़ांचे संकलित वाङमय़ - 23
700 _aशिखरे दा. न.
730 _a महात्मा गांधी य़ांचे संकलित वाङमय़ - 23
942 _cBOOK
999 _c85389
_d85389